Provincias españolas - Ahorcado #6 - Estadísticas

Estadísticas generales
  • Esta prueba ha sido intentada 183 veces
  • La puntuación promedio es 4 de 6
Estadísticas de respuestas
Respuesta % Correcto
2 A
100%
4 A
100%
5 A
100%
6 A
100%
7 A
100%
8 Á
100%
8 A
100%
8 A
100%
9 A
100%
12 A
100%
12 A
100%
10 E
100%
10 E
100%
11 E
100%
9 I
100%
8 G
92%
8 L
92%
8 M
92%
3 A
88%
6 E
86%
11 O
86%
11 O
86%
12 R
86%
9 C
83%
9 U
83%
2 E
75%
1 O
71%
12 O
71%
10 R
70%
10 T
70%
10 U
70%
7 I
67%
9 M
67%
9 R
67%
10 L
60%
11 D
57%
5 E
57%
11 L
57%
11 T
57%
3 I
50%
7 R
44%
5 C
43%
5 H
43%
6 I
43%
12 M
43%
1 R
43%
5 U
43%
12 Z
43%
4 E
40%
4 H
40%
4 L
40%
4 U
40%
4 V
40%
3 R
38%
7 D
33%
7 D
33%
7 M
33%
1 S
29%
5 S
29%
1 U
29%
3 O
25%
2 U
25%
6 D
14%
6 L
14%
6 L
14%
3 G
13%
2 N
13%
3 N
13%
1 B
0%
2 C
0%
2 C
0%
1 G
0%
No se encontraron pruebas coincidentes
Distribución de puntuación
Porcentaje de gente con cada puntuación
Porcentaje por número respondido
Historial de tus puntuaciones
No has intentado esta prueba.